[Event "Dzhubga Blitz op"]
[Site "Dzhubga"]
[Date "2023.08.13"]
[Round "3"]
[White "Kovalchuk, Alexey"]
[Black "Afanasiev, Nikita"]
[Result "0-1"]
[WhiteElo "2375"]
[BlackElo "2537"]
[PlyCount "86"]
[EventDate "2023.08.13"]
[EventType "swiss (blitz)"]
[EventRounds "13"]
[EventCountry "RUS"]
[SourceTitle "CBM 215 Extra"]
[Source "ChessBase"]
[SourceDate "2023.09.30"]
[SourceVersion "1"]
[SourceVersionDate "2023.09.30"]
[SourceQuality "1"]

1. e4 g6 2. d4 Bg7 3. Nc3 d6 4. Be3 a6 5. Qd2 Nd7 6. 0-0-0 b5 7. a3 Bb7 8. Kb1 Rc8 9. h4 c5 10. dxc5 Nxc5 11. Bd4 Bxd4 12. Qxd4 Nf6 13. f3 h5 14. Nh3 Qb6 15. Ng5 Ncd7 16. Qxb6 Nxb6 17. Ne2 Nc4 18. Nd4 e5 19. Bxc4 bxc4 20. Ne2 d5 21. exd5 Nxd5 22. Ne4 Ke7 23. N2c3 Nxc3+ 24. Nxc3 Rhd8 25. Kc1 Ke6 26. Na4 Rxd1+ 27. Rxd1 Rc7 28. Nc3 Kf5 29. Ne2 e4 30. Rd4 exf3 31. gxf3 Ke5 32. f4+ Kf5 33. Kd2 Bf3 34. Nc3 Kg4 35. Ke3 Kg3 36. Ne2+ Bxe2 37. Kxe2 Kxh4 38. Kf3 g5 39. fxg5+ Kxg5 40. Rd5+ f5 41. Ra5 Rb7 42. Rxa6 Rxb2 43. a4 Rxc2 0-1

[Event "Dzhubga Blitz op"]
[Site "Dzhubga"]
[Date "2023.08.13"]
[Round "5"]
[White "Kovalchuk, Alexey"]
[Black "Zhugin, Nikolay"]
[Result "1/2-1/2"]
[WhiteElo "2375"]
[BlackElo "2049"]
[PlyCount "91"]
[EventDate "2023.08.13"]
[EventType "swiss (blitz)"]
[EventRounds "13"]
[EventCountry "RUS"]
[SourceTitle "CBM 215 Extra"]
[Source "ChessBase"]
[SourceDate "2023.09.30"]
[SourceVersion "1"]
[SourceVersionDate "2023.09.30"]
[SourceQuality "1"]

1. c4 c5 2. Nf3 Nc6 3. Nc3 g6 4. e3 Nf6 5. d4 cxd4 6. exd4 d5 7. cxd5 Nxd5 8. Bc4 Nxc3 9. Qb3 Nd5 10. Bxd5 e6 11. Bxc6+ bxc6 12. 0-0 Qd5 13. Qc2 f6 14. Be3 Kf7 15. b3 Bb7 16. Ne1 Bd6 17. f3 Rac8 18. Nd3 Rhd8 19. Rad1 Qf5 20. Rd2 Ba6 21. Rfd1 Be7 22. Nc5 Bxc5 23. Qxf5 gxf5 24. dxc5 Rd5 25. Kf2 Rcd8 26. Rxd5 cxd5 27. c6 Rc8 28. Rc1 Bb5 29. c7 a6 30. a4 Bd7 31. Bb6 Ke7 32. Ke3 e5 33. Kd3 f4 34. Kc3 Kd6 35. Kb4 Bc6 36. Ka5 Ra8 37. Rc2 Kd7 38. Rc1 d4 39. Rc2 Bb7 40. Rc1 Rg8 41. Rc2 Ra8 42. Rd2 Rg8 43. Rc2 Ra8 44. Rd2 Rg8 45. Rc2 Ra8 46. Rd2 1/2-1/2

[Event "Dzhubga Rapid op"]
[Site "Dzhubga"]
[Date "2023.08.12"]
[Round "10"]
[White "Kovalchuk, Alexey"]
[Black "Denishev, Marat"]
[Result "1-0"]
[WhiteElo "2375"]
[BlackElo "2172"]
[PlyCount "61"]
[EventDate "2023.08.10"]
[EventType "swiss (rapid)"]
[EventRounds "11"]
[EventCountry "RUS"]
[SourceTitle "CBM 215 Extra"]
[Source "ChessBase"]
[SourceDate "2023.09.30"]
[SourceVersion "1"]
[SourceVersionDate "2023.09.30"]
[SourceQuality "1"]

1. d4 Nf6 2. c4 c5 3. d5 b5 4. cxb5 a6 5. e3 axb5 6. Bxb5 Qa5+ 7. Nc3 Bb7 8. Bd2 Qb6 9. Nf3 e6 10. dxe6 fxe6 11. 0-0 Be7 12. a4 0-0 13. Qe2 Nc6 14. Ng5 h6 15. Nh3 g5 16. f4 g4 17. Nf2 h5 18. Qd3 Kg7 19. Nce4 c4 20. Qc2 Nxe4 21. Nxe4 d5 22. Ng5 Bxg5 23. fxg5 Ne5 24. Qc3 Qc7 25. Qd4 Kg8 26. Bc3 Ng6 27. Rf6 Kh7 28. Rxe6 g3 29. hxg3 Rf5 30. Be8 Rxg5 31. Rxg6 1-0

[Event "Dzhubga Rapid op"]
[Site "Dzhubga"]
[Date "2023.08.11"]
[Round "6"]
[White "Kovalchuk, Alexey"]
[Black "Hasangatin, Ramil"]
[Result "1-0"]
[WhiteElo "2375"]
[BlackElo "2444"]
[PlyCount "31"]
[EventDate "2023.08.10"]
[EventType "swiss (rapid)"]
[EventRounds "11"]
[EventCountry "RUS"]
[SourceTitle "CBM 215 Extra"]
[Source "ChessBase"]
[SourceDate "2023.09.30"]
[SourceVersion "1"]
[SourceVersionDate "2023.09.30"]
[SourceQuality "1"]

1. e4 d5 2. exd5 Qxd5 3. Nf3 g6 4. d4 Bg7 5. Be2 Nf6 6. c4 Qd8 7. Nc3 0-0 8. 0-0 c6 9. h3 Ne8 10. Bg5 Nd7 11. Qd2 Ndf6 12. Rad1 Nd6 13. Bd3 Bf5 14. Rfe1 Bxd3 15. Qxd3 Re8 16. d5 1-0

[Event "Dzhubga Rapid op"]
[Site "Dzhubga"]
[Date "2023.08.11"]
[Round "8"]
[White "Kovalchuk, Alexey"]
[Black "Smirnov, Pavel"]
[Result "0-1"]
[WhiteElo "2375"]
[BlackElo "2538"]
[PlyCount "82"]
[EventDate "2023.08.10"]
[EventType "swiss (rapid)"]
[EventRounds "11"]
[EventCountry "RUS"]
[SourceTitle "CBM 215 Extra"]
[Source "ChessBase"]
[SourceDate "2023.09.30"]
[SourceVersion "1"]
[SourceVersionDate "2023.09.30"]
[SourceQuality "1"]

1. e4 e5 2. Nf3 Nc6 3. Nc3 Nf6 4. d4 exd4 5. Nxd4 Bb4 6. Nxc6 bxc6 7. Bd3 d5 8. exd5 0-0 9. 0-0 Bg4 10. Ne2 cxd5 11. c3 Be7 12. h3 Bh5 13. Qc2 Bg6 14. Bxg6 hxg6 15. Be3 c5 16. Rfd1 Qc7 17. Bf4 Qc6 18. Rd3 Rfe8 19. Rad1 c4 20. R3d2 Bc5 21. Nd4 Qb6 22. b4 cxb3 23. Nxb3 Bf8 24. Bg5 Rac8 25. Bxf6 Qxf6 26. Rd3 Rc4 27. Qd2 Rce4 28. Rxd5 Re2 29. Qd4 Rxa2 30. Qxf6 gxf6 31. Nd4 Rc8 32. Rb1 a5 33. Rb7 a4 34. Rdd7 a3 35. Rxf7 Ra1+ 36. Kh2 a2 37. Ne6 Re1 38. Nxf8 a1Q 39. Nxg6 Rh1+ 40. Kg3 Qxc3+ 41. Kh4 Qc4+ 0-1

[Event "Dzhubga op"]
[Site "Dzhubga"]
[Date "2023.08.08"]
[Round "8"]
[White "Basiev, Georgiy"]
[Black "Kovalchuk, Alexey"]
[Result "0-1"]
[WhiteElo "1564"]
[BlackElo "2375"]
[PlyCount "84"]
[EventDate "2023.08.01"]
[EventType "swiss"]
[EventRounds "9"]
[EventCountry "RUS"]
[SourceTitle "EXT 2024"]
[Source "ChessBase"]
[SourceDate "2023.10.10"]
[SourceVersion "1"]
[SourceVersionDate "2023.10.10"]
[SourceQuality "1"]

1. d4 d5 2. Nf3 e6 3. c4 a6 4. Nc3 dxc4 5. a4 Nc6 6. e3 Na5 7. Nd2 c5 8. Nxc4 cxd4 9. exd4 Nf6 10. Be2 Nxc4 11. Bxc4 Bd7 12. 0-0 Bc6 13. Bg5 Be7 14. Bxf6 Bxf6 15. d5 exd5 16. Bxd5 0-0 17. Bxc6 bxc6 18. Qf3 c5 19. h3 Rb8 20. Rad1 Bd4 21. Ne4 Qb6 22. Qf5 Rfe8 23. b4 g6 24. Qf4 Be5 25. Qh6 Bg7 26. Qf4 cxb4 27. Rd7 Rf8 28. Ng5 Qf6 29. Qg3 Qe5 30. Qh4 h6 31. Nf3 Qf5 32. Qe7 b3 33. Nh4 Qf6 34. Qe4 b2 35. Rb1 Rfc8 36. Kh2 Qe5+ 37. Qxe5 Bxe5+ 38. g3 Rc1 39. Rd1 Rxd1 40. Rxd1 b1Q 41. Rxb1 Rxb1 42. f4 Rb2+ 0-1

[Event "Titled Tuesday intern op 26th Oct"]
[Site "Chess.com INT"]
[Date "2021.10.26"]
[Round "5"]
[White "Kobalia, Mihail"]
[Black "Kovalchuk, Alexey"]
[Result "1-0"]
[WhiteElo "2600"]
[BlackElo "2375"]
[PlyCount "65"]
[EventDate "2021.10.26"]
[EventType "swiss (blitz)"]
[EventRounds "11"]
[EventCountry "USA"]
[SourceTitle "CBM 204 Extra"]
[Source "ChessBase"]
[SourceDate "2021.11.30"]
[SourceVersion "1"]
[SourceVersionDate "2021.11.30"]
[SourceQuality "1"]

1. e4 e5 2. Nf3 Nf6 3. d3 Nc6 4. g3 Bc5 5. Bg2 d6 6. 0-0 0-0 7. c3 a6 8. h3 Ba7 9. Kh2 Ne7 10. Nh4 Ng6 11. Nxg6 hxg6 12. Nd2 c6 13. Nf3 Re8 14. Bg5 Qc7 15. Bxf6 gxf6 16. Nh4 Kg7 17. f4 Rh8 18. Qf3 Qe7 19. Qe2 Bd7 20. Rf3 Raf8 21. Raf1 Bb8 22. d4 exf4 23. Rxf4 d5 24. Rg4 Re8 25. e5 fxe5 26. Nf5+ Bxf5 27. Rxf5 exd4 28. Qd3 Qe6 29. Qxd4+ Be5 30. Qf2 Re7 31. Rgg5 Qd6 32. c4 dxc4 33. Rf3 1-0

[Event "Titled Tuesday intern op 26th Oct"]
[Site "Chess.com INT"]
[Date "2021.10.26"]
[Round "6"]
[White "Kovalchuk, Alexey"]
[Black "Buscar, Michael"]
[Result "1-0"]
[WhiteElo "2375"]
[BlackElo "2088"]
[PlyCount "65"]
[EventDate "2021.10.26"]
[EventType "swiss (blitz)"]
[EventRounds "11"]
[EventCountry "USA"]
[SourceTitle "CBM 204 Extra"]
[Source "ChessBase"]
[SourceDate "2021.11.30"]
[SourceVersion "1"]
[SourceVersionDate "2021.11.30"]
[SourceQuality "1"]

1. d4 d5 2. c4 e6 3. Nf3 Nf6 4. Nc3 c6 5. e3 Be7 6. Qc2 0-0 7. Bd3 dxc4 8. Bxc4 b5 9. Be2 a6 10. 0-0 c5 11. dxc5 Bxc5 12. Nxb5 Bb6 13. Rd1 Qe7 14. Nd6 Nbd7 15. b3 Bc5 16. Ne4 Nxe4 17. Qxe4 Nb6 18. Bb2 Bb7 19. Qg4 f5 20. Qg3 Rad8 21. Rac1 Bd6 22. Be5 Nd5 23. Bxd6 Rxd6 24. Qe5 Rfd8 25. Nd4 f4 26. exf4 Nf6 27. Nf3 Ng4 28. Qg5 Nf6 29. Rxd6 Rxd6 30. h3 Rd5 31. Ne5 Qa3 32. Rc7 Qb4 33. Qxg7# 1-0

[Event "Titled Tuesday intern op 26th Oct"]
[Site "Chess.com INT"]
[Date "2021.10.26"]
[Round "1"]
[White "Kovalchuk, Alexey"]
[Black "Chernikov, Vladimir"]
[Result "1-0"]
[WhiteElo "2375"]
[BlackElo "2225"]
[PlyCount "113"]
[EventDate "2021.10.26"]
[EventType "swiss (blitz)"]
[EventRounds "11"]
[EventCountry "USA"]
[SourceTitle "CBM 204 Extra"]
[Source "ChessBase"]
[SourceDate "2021.11.30"]
[SourceVersion "1"]
[SourceVersionDate "2021.11.30"]
[SourceQuality "1"]

1. d4 d6 2. Nf3 Nd7 3. c4 e5 4. Nc3 Be7 5. e4 exd4 6. Nxd4 Ngf6 7. Be2 Nc5 8. f3 0-0 9. 0-0 Re8 10. Be3 Bf8 11. Qd2 c6 12. Rad1 Qc7 13. Rfe1 a6 14. Bf1 b5 15. b4 Ne6 16. Nf5 Rd8 17. Rc1 Qb8 18. a3 Bb7 19. Bb6 Rd7 20. Qf2 g6 21. Nd4 Nxd4 22. Bxd4 Bg7 23. Red1 Qe8 24. a4 a5 25. cxb5 axb4 26. bxc6 Bxc6 27. Nb5 Bxb5 28. Bxb5 Qe6 29. Bxd7 Qxd7 30. Qb2 Nh5 31. Bxg7 Nxg7 32. Qxb4 Rxa4 33. Qxd6 Qxd6 34. Rxd6 Ne6 35. Rd2 Kg7 36. h4 h5 37. Kf2 Nf4 38. g3 Ne6 39. Rcc2 Ra3 40. Ra2 Rb3 41. Ra7 Nc5 42. Rc7 Nd3+ 43. Ke2 Ne5 44. f4 Ng4 45. Rd3 Rb2+ 46. Ke1 Rb1+ 47. Kd2 Rb2+ 48. Kc1 Rg2 49. Rdd7 Nh6 50. e5 Re2 51. Kd1 Re4 52. Kd2 Kf8 53. Re7 Rd4+ 54. Kc3 Nf5 55. Rxf7+ Kg8 56. Rfd7 Re4 57. Rd8# 1-0

[Event "Titled Tuesday intern op 26th Oct"]
[Site "Chess.com INT"]
[Date "2021.10.26"]
[Round "8"]
[White "Reprintsev, Alexander"]
[Black "Kovalchuk, Alexey"]
[Result "0-1"]
[WhiteElo "2353"]
[BlackElo "2375"]
[PlyCount "134"]
[EventDate "2021.10.26"]
[EventType "swiss (blitz)"]
[EventRounds "11"]
[EventCountry "USA"]
[SourceTitle "CBM 204 Extra"]
[Source "ChessBase"]
[SourceDate "2021.11.30"]
[SourceVersion "1"]
[SourceVersionDate "2021.11.30"]
[SourceQuality "1"]

1. e4 e5 2. Nf3 Nf6 3. Bc4 Nxe4 4. Nc3 Nxc3 5. dxc3 f6 6. 0-0 d6 7. b4 Qe7 8. Bb3 Be6 9. Re1 Bxb3 10. axb3 Nd7 11. Qd5 c6 12. Qd3 g6 13. b5 Nc5 14. Qe2 cxb5 15. Qxb5+ Qd7 16. Qc4 d5 17. Qh4 Be7 18. Bh6 Qf5 19. c4 d4 20. Bg7 Rg8 21. Nxd4 Qh5 22. Qxh5 gxh5 23. Nf5 Kf7 24. Bh6 Ke6 25. Nh4 Rg4 26. Nf3 Rag8 27. g3 a6 28. Be3 Nd7 29. c3 Bc5 30. h3 R4g7 31. b4 Bxe3 32. Rxe3 Kd6 33. Rd1+ Kc7 34. Red3 Nb8 35. Rd5 Rd7 36. Rxd7+ Nxd7 37. c5 b6 38. cxb6+ Nxb6 39. Nh4 Rc8 40. Rc1 Nd5 41. Nf5 Kb8 42. c4 Nxb4 43. Rb1 a5 44. Ra1 Rc5 45. Ne3 Kc7 46. Kg2 Kb6 47. Rd1 Kc7 48. Ra1 Kb6 49. Kf3 Kc6 50. Ke4 Kd7 51. Kf5 Ke7 52. h4 Kf7 53. Ke4 Ke6 54. Kf3 f5 55. Ke2 f4 56. gxf4 exf4 57. Ng2 Rxc4 58. Rxa5 Nc2 59. Rxh5 Nd4+ 60. Kd3 Ra4 61. Rxh7 Nf5 62. Rb7 f3 63. Ne3 Ra3+ 64. Ke4 Nd6+ 65. Kxf3 Nxb7 66. Ke4 Nd6+ 67. Kd4 Nf5+ 0-1

[Event "Titled Tuesday intern op 26th Oct"]
[Site "Chess.com INT"]
[Date "2021.10.26"]
[Round "10"]
[White "Wagh, Suyog"]
[Black "Kovalchuk, Alexey"]
[Result "0-1"]
[WhiteElo "2246"]
[BlackElo "2375"]
[PlyCount "146"]
[EventDate "2021.10.26"]
[EventType "swiss (blitz)"]
[EventRounds "11"]
[EventCountry "USA"]
[SourceTitle "CBM 204 Extra"]
[Source "ChessBase"]
[SourceDate "2021.11.30"]
[SourceVersion "1"]
[SourceVersionDate "2021.11.30"]
[SourceQuality "1"]

1. e4 e5 2. Nf3 Nf6 3. Nxe5 d6 4. Nf3 Nxe4 5. Qe2 Qe7 6. d3 Nf6 7. Nc3 c6 8. Be3 Na6 9. 0-0-0 Nc7 10. Qd2 Ne6 11. h3 d5 12. g4 Qb4 13. g5 Nd7 14. Re1 Be7 15. a3 Qa5 16. Nd4 0-0 17. f4 Bc5 18. Nb3 Bxe3 19. Qxe3 Qb6 20. f5 d4 21. Na4 dxe3 22. Nxb6 Nxb6 23. fxe6 Bxe6 24. Rxe3 Bxb3 25. cxb3 Nd5 26. Re4 f6 27. h4 f5 28. Re5 Rae8 29. Rxe8 Rxe8 30. Kd2 Nf4 31. Rh2 g6 32. Rf2 Ne6 33. Kc3 Kf7 34. d4 Rd8 35. Bc4 b5 36. Bxe6+ Kxe6 37. Re2+ Kd6 38. Kd3 c5 39. b4 cxd4 40. Kxd4 Rc8 41. b3 Rf8 42. a4 a6 43. axb5 axb5 44. Ra2 f4 45. Ra6+ Kc7 46. Ra2 f3 47. Rf2 Kd6 48. Ke4 Ke6 49. Kd4 Rf4+ 50. Kc5 Rf5+ 51. Kd4 Kd6 52. Ke4 Ke6 53. Kd4 Rf4+ 54. Kc5 Kf5 55. Kxb5 Kg4 56. Kc5 Kg3 57. Rf1 Kg2 58. Rd1 f2 59. b5 f1Q 60. Rxf1 Rxf1 61. b6 Rc1+ 62. Kb5 Re1 63. b7 Re8 64. Ka6 Kg3 65. b4 Kxh4 66. b5 Kxg5 67. b6 h5 68. Ka7 h4 69. b8Q Rxb8 70. Kxb8 h3 71. b7 h2 72. Kc7 h1Q 73. b8Q Qh2+ 0-1

[Event "Titled Tuesday intern op 19th Oct"]
[Site "Chess.com INT"]
[Date "2021.10.19"]
[Round "7"]
[White "Kovalchuk, Alexey"]
[Black "Harris, Ian"]
[Result "1-0"]
[WhiteElo "2375"]
[BlackElo "2177"]
[PlyCount "109"]
[EventDate "2021.10.19"]
[EventType "swiss (blitz)"]
[EventRounds "11"]
[EventCountry "USA"]
[SourceTitle "CBM 204 Extra"]
[Source "ChessBase"]
[SourceDate "2021.11.30"]
[SourceVersion "1"]
[SourceVersionDate "2021.11.30"]
[SourceQuality "1"]

1. e4 e5 2. Nf3 Nc6 3. Bc4 Nf6 4. Ng5 d5 5. exd5 b5 6. Bxb5 Qxd5 7. Bf1 h6 8. Nc3 Qa5 9. Bb5 Bd7 10. Nf3 Bd6 11. 0-0 0-0-0 12. d3 e4 13. dxe4 Rhe8 14. Qe2 Bb4 15. Bd2 a6 16. Bxa6+ Kb8 17. Qb5+ Qxb5 18. Bxb5 Bxc3 19. Bxc3 Nxe4 20. Bxg7 Rg8 21. Bxh6 Rg6 22. Be3 Bh3 23. g3 Bxf1 24. Kxf1 Nb4 25. Ba4 Nd5 26. Re1 Nxe3+ 27. Rxe3 Nd2+ 28. Nxd2 Rxd2 29. Re2 Rd1+ 30. Kg2 Ra6 31. Bb3 Rad6 32. Bxf7 Rb1 33. b3 Rb2 34. a4 Kb7 35. Bc4 Kb6 36. h4 Kc5 37. f4 Kb4 38. Kf3 Kc3 39. Bd3 Rb1 40. h5 Rh1 41. g4 Rh3+ 42. Kg2 Rh4 43. Kg3 Rh1 44. Rh2 Rg1+ 45. Kh4 Rd4 46. Rf2 Rh1+ 47. Kg5 Rd5+ 48. f5 Rd4 49. h6 Rg1 50. Rf4 Rd7 51. f6 Rh1 52. f7 Rd5+ 53. Rf5 Rd8 54. f8Q Rxf8 55. Rxf8 1-0

[Event "Titled Tuesday intern op 19th Oct"]
[Site "Chess.com INT"]
[Date "2021.10.19"]
[Round "3"]
[White "Kovalchuk, Alexey"]
[Black "Vokhidov, Shamsiddin"]
[Result "0-1"]
[WhiteElo "2375"]
[BlackElo "2521"]
[PlyCount "68"]
[EventDate "2021.10.19"]
[EventType "swiss (blitz)"]
[EventRounds "11"]
[EventCountry "USA"]
[SourceTitle "CBM 204 Extra"]
[Source "ChessBase"]
[SourceDate "2021.11.30"]
[SourceVersion "1"]
[SourceVersionDate "2021.11.30"]
[SourceQuality "1"]

1. d4 Nf6 2. c4 b6 3. Nf3 Bb7 4. g3 g6 5. Bg2 Bg7 6. 0-0 0-0 7. Nc3 Ne4 8. Bd2 d6 9. Qc2 Nxd2 10. Qxd2 c5 11. d5 Nd7 12. Rfe1 a6 13. a4 Rb8 14. e4 Bc8 15. Rab1 Ne5 16. Nxe5 Bxe5 17. b4 cxb4 18. Rxb4 Qc7 19. Bf1 Bd7 20. Reb1 Rfc8 21. Qe3 Bg7 22. Be2 h5 23. h4 Bg4 24. Bxg4 hxg4 25. Ne2 a5 26. Rxb6 Rxb6 27. Rxb6 Qxc4 28. Rb7 Bf6 29. h5 gxh5 30. Kg2 Qxa4 31. Nf4 Bg5 32. e5 Qd1 33. Rb5 dxe5 34. d6 exd6 0-1

[Event "Titled Tuesday intern op 19th Oct"]
[Site "Chess.com INT"]
[Date "2021.10.19"]
[Round "2"]
[White "Lock, Gavin R"]
[Black "Kovalchuk, Alexey"]
[Result "1/2-1/2"]
[WhiteElo "2113"]
[BlackElo "2375"]
[PlyCount "89"]
[EventDate "2021.10.19"]
[EventType "swiss (blitz)"]
[EventRounds "11"]
[EventCountry "USA"]
[SourceTitle "CBM 204 Extra"]
[Source "ChessBase"]
[SourceDate "2021.11.30"]
[SourceVersion "1"]
[SourceVersionDate "2021.11.30"]
[SourceQuality "1"]

1. d4 d5 2. Bf4 Nf6 3. e3 e6 4. Nf3 Bd6 5. Nbd2 0-0 6. Bd3 b6 7. Ne5 Bb7 8. c3 Ne4 9. Nxe4 dxe4 10. Be2 f6 11. Nc4 Bxf4 12. exf4 Nc6 13. 0-0 Ne7 14. Ne3 Nd5 15. g3 Qe7 16. Re1 Rad8 17. Qb3 c5 18. Rad1 Kh8 19. Bf1 g5 20. fxg5 fxg5 21. dxc5 Qf7 22. Qc2 Nxe3 23. fxe3 bxc5 24. Bg2 Rd3 25. Rf1 Rxd1 26. Qxd1 Qe7 27. Qg4 Rxf1+ 28. Bxf1 Qf6 29. Be2 Bd5 30. a3 Kg7 31. h4 h6 32. hxg5 hxg5 33. Qh5 Kf8 34. Qh7 Qg7 35. Qxg7+ Kxg7 36. Kf2 Kf6 37. Bg4 Ke5 38. b4 cxb4 39. axb4 Bc4 40. Ke1 Kd5 41. Kd2 Ke5 42. Kc2 Kd5 43. Kd2 Ke5 44. Kc2 Kd5 45. Kd2 1/2-1/2

[Event "Titled Tuesday intern op 19th Oct"]
[Site "Chess.com INT"]
[Date "2021.10.19"]
[Round "8"]
[White "Serikbay, Assel"]
[Black "Kovalchuk, Alexey"]
[Result "1-0"]
[WhiteElo "2237"]
[BlackElo "2375"]
[PlyCount "65"]
[EventDate "2021.10.19"]
[EventType "swiss (blitz)"]
[EventRounds "11"]
[EventCountry "USA"]
[SourceTitle "CBM 204 Extra"]
[Source "ChessBase"]
[SourceDate "2021.11.30"]
[SourceVersion "1"]
[SourceVersionDate "2021.11.30"]
[SourceQuality "1"]

1. d4 Nf6 2. c4 e6 3. Nf3 d5 4. Nc3 c5 5. Bg5 cxd4 6. Nxd4 Be7 7. e3 Nc6 8. cxd5 Nxd5 9. Nxc6 bxc6 10. Bxe7 Qxe7 11. Rc1 0-0 12. Bd3 Rb8 13. Qd2 Rd8 14. Nxd5 cxd5 15. 0-0 Bd7 16. Rc7 a5 17. Qxa5 Rxb2 18. a4 g6 19. Qc3 Ra2 20. Ra1 Rxa1+ 21. Qxa1 Qd6 22. Rc3 Ra8 23. a5 e5 24. Ra3 d4 25. exd4 exd4 26. a6 Ra7 27. Rb3 Bc8 28. Qa3 Qe5 29. Qc1 Ra8 30. Qc6 Qe1+ 31. Bf1 Bxa6 32. Qxa8+ Kg7 33. Qxa6 1-0

[Event "Titled Tuesday intern op 12th Oct"]
[Site "Chess.com INT"]
[Date "2021.10.12"]
[Round "2"]
[White "Ozates, Tuna"]
[Black "Kovalchuk, Alexey"]
[Result "1-0"]
[WhiteElo "2217"]
[BlackElo "2375"]
[PlyCount "81"]
[EventDate "2021.10.12"]
[EventType "swiss (blitz)"]
[EventRounds "11"]
[EventCountry "USA"]
[SourceTitle "EXT 2023"]
[Source "ChessBase"]
[SourceDate "2022.10.05"]
[SourceVersion "1"]
[SourceVersionDate "2022.10.05"]
[SourceQuality "1"]

1. e4 e5 2. Nf3 Nf6 3. Nxe5 d6 4. Nf3 Nxe4 5. Nc3 Nxc3 6. dxc3 Be7 7. Bd3 Nd7 8. Bf4 Nc5 9. Qd2 0-0 10. 0-0-0 Be6 11. Kb1 Nxd3 12. Qxd3 Qd7 13. h4 Bf5 14. Qd2 b5 15. Nd4 a5 16. f3 b4 17. g4 Be6 18. Rhe1 bxc3 19. Qxc3 Bxh4 20. Rh1 Bf6 21. Qd3 g6 22. Rh2 Rfb8 23. Rdh1 Qa4 24. Nxe6 Rxb2+ 25. Kc1 fxe6 26. Qe4 Qxe4 27. fxe4 Rxa2 28. Kd2 h5 29. gxh5 g5 30. Rg2 Kh7 31. Bxg5 Rg8 32. Rhg1 Rxg5 33. Rxg5 Bxg5+ 34. Rxg5 Ra4 35. Kd3 Kh6 36. Rb5 Ra3+ 37. c3 Ra1 38. Rb7 a4 39. Rxc7 a3 40. Kc2 Rh1 41. Kb3 1-0

[Event "Titled Tuesday intern op 05th Oct"]
[Site "Chess.com INT"]
[Date "2021.10.05"]
[Round "9"]
[White "Florescu, Codrut Constantin"]
[Black "Kovalchuk, Alexey"]
[Result "1/2-1/2"]
[WhiteElo "2289"]
[BlackElo "2375"]
[PlyCount "95"]
[EventDate "2021.10.05"]
[EventType "swiss (blitz)"]
[EventRounds "11"]
[EventCountry "USA"]
[SourceTitle "CBM 204 Extra"]
[Source "ChessBase"]
[SourceDate "2021.11.30"]
[SourceVersion "1"]
[SourceVersionDate "2021.11.30"]
[SourceQuality "1"]

1. d4 Nf6 2. c4 e6 3. Nf3 d5 4. Nc3 Bb4 5. Qa4+ Nc6 6. Bg5 0-0 7. e3 dxc4 8. Bxc4 Bd6 9. 0-0 h6 10. Bxf6 Qxf6 11. Rac1 e5 12. Ne4 Qg6 13. Nxd6 cxd6 14. Bb5 Bh3 15. Nh4 Qg4 16. dxe5 Nxe5 17. Qxg4 Bxg4 18. h3 Be6 19. f4 Nc6 20. Bxc6 bxc6 21. Rxc6 Bxa2 22. Rxd6 Rfe8 23. Kf2 Rab8 24. Rd2 Bb3 25. Rc1 Rb7 26. Nf5 Reb8 27. Nd4 Bd5 28. Nc6 Rxb2 29. Rcc2 Rxc2 30. Rxc2 Rb7 31. Nd4 a5 32. g4 a4 33. Rc3 g6 34. f5 Kg7 35. fxg6 fxg6 36. h4 Ra7 37. Ra3 Bc4 38. Kg3 Ra6 39. h5 gxh5 40. gxh5 Kf6 41. Kf4 Ra5 42. e4 Bf7 43. e5+ Rxe5 44. Rxa4 Rxh5 45. Ra6+ Kg7 46. Nf5+ Kh7 47. Rxh6+ Rxh6 48. Nxh6 1/2-1/2

[Event "Titled Tuesday intern op 05th Oct"]
[Site "Chess.com INT"]
[Date "2021.10.05"]
[Round "1"]
[White "Kovalchuk, Alexey"]
[Black "Bouget, Alexandre"]
[Result "1-0"]
[WhiteElo "2375"]
[BlackElo "2247"]
[PlyCount "97"]
[EventDate "2021.10.05"]
[EventType "swiss (blitz)"]
[EventRounds "11"]
[EventCountry "USA"]
[SourceTitle "CBM 204 Extra"]
[Source "ChessBase"]
[SourceDate "2021.11.30"]
[SourceVersion "1"]
[SourceVersionDate "2021.11.30"]
[SourceQuality "1"]

1. d4 Nf6 2. c4 c5 3. Nf3 g6 4. g3 Bg7 5. Bg2 0-0 6. 0-0 cxd4 7. Nxd4 Nc6 8. Nc3 a6 9. h3 Qc7 10. b3 Nxd4 11. Qxd4 Ne4 12. Qxe4 Bxc3 13. Bh6 Re8 14. Rac1 Bf6 15. Rfd1 d6 16. Bf4 Bf5 17. Qxb7 Qxb7 18. Bxb7 Ra7 19. Bg2 Bb2 20. e4 Bxc1 21. Bxc1 Be6 22. Be3 Rd7 23. Bd2 a5 24. Rc1 Ra7 25. Bf1 Rc8 26. Be3 Raa8 27. f4 a4 28. b4 a3 29. Kf2 Ra4 30. Bd2 Kf8 31. g4 f5 32. exf5 gxf5 33. g5 Ke8 34. Ke3 d5 35. c5 Bd7 36. Kd4 e6 37. Bd3 Kf7 38. h4 Bc6 39. h5 Rb8 40. Rb1 Bb5 41. Bc2 Ra6 42. Bb3 Bc4 43. Bxc4 dxc4 44. Kxc4 Rd8 45. Bc3 Ra4 46. Rg1 Rd5 47. g6+ hxg6 48. hxg6+ Kg8 49. Rh1 1-0

[Event "Titled Tuesday intern op 28th Sept"]
[Site "Chess.com INT"]
[Date "2021.09.28"]
[Round "8"]
[White "Seemann, Jakub"]
[Black "Kovalchuk, Alexey"]
[Result "0-1"]
[WhiteElo "2294"]
[BlackElo "2375"]
[PlyCount "80"]
[EventDate "2021.09.28"]
[EventType "swiss (blitz)"]
[EventRounds "11"]
[EventCountry "USA"]
[SourceTitle "CBM 204 Extra"]
[Source "ChessBase"]
[SourceDate "2021.11.30"]
[SourceVersion "1"]
[SourceVersionDate "2021.11.30"]
[SourceQuality "1"]

1. Nf3 d5 2. c4 e6 3. g3 Nf6 4. Bg2 Be7 5. 0-0 0-0 6. d4 dxc4 7. Qc2 a6 8. a4 Bd7 9. Qxc4 Bc6 10. Bg5 Nbd7 11. Nc3 h6 12. Bxf6 Nxf6 13. e3 a5 14. Ne5 Bxg2 15. Kxg2 c6 16. Rac1 Qb6 17. b3 Qa6 18. Rfd1 Rfd8 19. Kf3 Bb4 20. Ne4 Nxe4 21. Kxe4 Qb6 22. f4 Rd5 23. Nd3 Rad8 24. Kf3 h5 25. h3 g6 26. g4 Ba3 27. Rc2 Bf8 28. Rg2 c5 29. dxc5 Qc6 30. Kg3 Bxc5 31. Ne5 Qb6 32. Rxd5 exd5 33. Qd3 hxg4 34. hxg4 Bxe3 35. Nf3 d4 36. f5 Qd6+ 37. Kh3 Qf4 38. Ne1 Kg7 39. f6+ Kxf6 40. g5+ Kg7 0-1

[Event "Titled Tuesday intern op 21st Sept"]
[Site "Chess.com INT"]
[Date "2021.09.21"]
[Round "2"]
[White "Kovalchuk, Alexey"]
[Black "Obolentseva, Alexandra"]
[Result "1-0"]
[WhiteElo "2375"]
[BlackElo "2302"]
[PlyCount "83"]
[EventDate "2021.09.21"]
[EventType "swiss (blitz)"]
[EventRounds "9"]
[EventCountry "USA"]
[SourceTitle "EXT 2022"]
[Source "ChessBase"]
[SourceDate "2021.10.06"]
[SourceVersion "1"]
[SourceVersionDate "2021.10.06"]
[SourceQuality "1"]

1. d4 Nf6 2. c4 g6 3. Nc3 Bg7 4. e4 0-0 5. Nf3 d6 6. Be2 e5 7. 0-0 exd4 8. Nxd4 c6 9. Nc2 Re8 10. f3 d5 11. cxd5 cxd5 12. exd5 Bf5 13. Bb5 Bd7 14. Bc4 Nh5 15. Ne4 Be5 16. Bg5 Qb6+ 17. Kh1 f5 18. Be3 Qd8 19. Ng5 f4 20. d6+ Kg7 21. Nf7 Qh4 22. Bf2 Ng3+ 23. Kg1 Bf6 24. Re1 Nc6 25. Qd2 Ne5 26. Nxe5 Rxe5 27. Rxe5 Bxe5 28. Re1 Bf6 29. Bd4 Nf5 30. Bxf6+ Qxf6 31. Qxf4 Rc8 32. Bb3 Qxb2 33. g4 Rxc2 34. Bxc2 Qxc2 35. gxf5 Bxf5 36. d7 Qc5+ 37. Qe3 Qd5 38. Qe7+ Kh6 39. d8Q Qxf3 40. Qg5+ Kg7 41. Qdf6+ Kg8 42. Re8# 1-0